Law for professional engineers Canadian and global insights / (Record no. 798)

MARC details
000 -LEADER
fixed length control field 00989cam a2200277 i 4500
001 - CONTROL NUMBER
control field 20766073
003 - CONTROL NUMBER IDENTIFIER
control field OSt
005 - DATE AND TIME OF LATEST TRANSACTION
control field 20250417103735.0
008 - FIXED-LENGTH DATA ELEMENTS--GENERAL INFORMATION
fixed length control field 181203s2019 onc b 001 0 eng
010 ## - LIBRARY OF CONGRESS CONTROL NUMBER
LC control number 2018966285
020 ## - INTERNATIONAL STANDARD BOOK NUMBER
International Standard Book Number 9781260135909
040 ## - CATALOGING SOURCE
Original cataloging agency DLC
Language of cataloging eng
Description conventions rda
Transcribing agency KCST
042 ## - AUTHENTICATION CODE
Authentication code pcc
043 ## - GEOGRAPHIC AREA CODE
Geographic area code n-cn---
050 00 - LIBRARY OF CONGRESS CALL NUMBER
Classification number KE2730
Item number .M37 2019
082 ## - DEWEY DECIMAL CLASSIFICATION NUMBER
Classification number 349.7102462
Item number Ma La
100 1# - MAIN ENTRY--PERSONAL NAME
Personal name Marston, D. L.
Fuller form of name (Donald L.)
Relator term author
9 (RLIN) 5653
245 10 - TITLE STATEMENT
Title Law for professional engineers Canadian and global insights /
Statement of responsibility, etc. Donald L. Marston, J. D., P. Eng., FEC, B. Sc., FCIArb, arbitrator, mediator, and dispute resolution neutral, Marston International ADR, Toronto, Canada.
250 ## - EDITION STATEMENT
Edition statement 5th
260 ## - PUBLICATION, DISTRIBUTION, ETC.
Place of publication, distribution, etc. New York :
Name of publisher, distributor, etc. McGraw-Hill Education,
Date of publication, distribution, etc. 2019.
300 ## - PHYSICAL DESCRIPTION
Extent xix, 412 p ages ;
Dimensions 24 cm
504 ## - BIBLIOGRAPHY, ETC. NOTE
Bibliography, etc. note Includes bibliographical references and index.
650 #0 - SUBJECT ADDED ENTRY--TOPICAL TERM
Topical term or geographic name entry element Engineering law
Geographic subdivision Canada.
9 (RLIN) 5654
650 #0 - SUBJECT ADDED ENTRY--TOPICAL TERM
Topical term or geographic name entry element Engineers
General subdivision Legal status, laws, etc.
Geographic subdivision Canada.
9 (RLIN) 5655
942 ## - ADDED ENTRY ELEMENTS (KOHA)
Source of classification or shelving scheme Dewey Decimal Classification
Koha item type Book
Holdings
Withdrawn status Lost status Source of classification or shelving scheme Damaged status Not for loan Home library Current library Date acquired Cost, normal purchase price Total checkouts Full call number Barcode Date last seen Cost, replacement price Price effective from Koha item type
    Dewey Decimal Classification     KCST Library KCST Library 16/03/2022 25.92   349.7102462 Ma La 1000001033 16/03/2022 25.92 16/03/2022 Book
© 2025 KCST. All rights reserved